000 00588nam a2200205Ia 4500
003 0100
008 130303s9999 xx 000 0 und d
040 _cARRUPELIB
050 _aBL2462.5.A38 1990
100 _aOlupona, Jacob K
245 _aAfrican traditional religions
245 _bIn contemporary society
260 _aNY
260 _bParagon House
260 _C1990
300 _a204p
650 _bEvangelists-United States-Biography Evangelicalism-England-History-18th Century Evangelicalism-United States-18th Century
700 _aed. by J.K. Olupona
942 0 0 _015
999 _c20496
_d20496